000
00330nam a22001337a 4500
008
250424b |||||||| |||| 00| 0 eng d
020
_a
0521306477
050
_a
HD9980
_b
.M36
100
_a
INMARN Robert P.
245
_a
Managing the Service Economy
260
_a
U.S.A
_b
Press Syndicate
_c
1988
300
_a
xv, 336p.
942
_c
BK
999
_c
3134
_d
3134